Задачник по горным работам, проведению и креплению горных выработок: учебное пособие для средних и средних специальных учебных заведений

Dades bibliogràfiques
Autor principal: Шехурдин В. К. Валерьян Константинович
Idioma:rus
Publicat: Москва, Недра, 1985
Matèries:
Format: MixedMaterials Llibre
KOHA link:https://koha.lib.tpu.ru/cgi-bin/koha/opac-detail.pl?biblionumber=91320

MARC

LEADER 00000nam0a2200000 4500
001 91320
005 20231031104008.0
035 |a (RuTPU)RU\TPU\book\97905 
090 |a 91320 
100 |a 20060222d1985 m y0rusy50 ca 
101 0 |a rus 
102 |a RU 
105 |a a j 001zy 
200 1 |a Задачник по горным работам, проведению и креплению горных выработок  |e учебное пособие для средних и средних специальных учебных заведений  |f В. К. Шехурдин 
210 |a Москва  |c Недра  |d 1985 
215 |a 240 с.  |c ил. 
320 |a Список литературы: с. 237-238. 
610 1 |a задачники 
610 1 |a горные работы 
610 1 |a учебные пособия 
610 1 |a горные выработки 
610 1 |a крепление 
610 1 |a рудные месторождения 
610 1 |a нерудные месторождения 
610 1 |a разработка 
675 |a 622.26(076)  |v 3 
675 |a 622.28/(076)  |v 3 
700 1 |a Шехурдин  |b В. К.  |g Валерьян Константинович 
801 1 |a RU  |b 63413507  |c 20060222  |g PSBO 
801 2 |a RU  |b 63413507  |c 20151120  |g PSBO 
942 |c BK